Music Quiz

Random Music or Artist Quiz

Male Singer Blitz II Quiz Stats

 Plays Quiz Updated Oct 15, 2018

Score 0/30 Timer 03:00
9 Plays Today
% Correct
Justin Timberlake
85.3%
Bob Dylan
79.9%
Prince
79.7%
Justin Timberlake
75.4%
Bob Dylan
74.5%
Prince
74.5%
Bruno Mars
74.4%
Prince
74.4%
Prince
72.4%
Bruno Mars
68.1%
Bruno Mars
68.1%
Prince
67.7%
Paul Simon
66%
Bruno Mars
65.6%
Justin Timberlake
65.2%
% Correct
Justin Timberlake
63.6%
Blake Shelton
61%
Bruno Mars
55.1%
Paul Simon
55.1%
Bob Dylan
53.5%
Blake Shelton
51.9%
Paul Simon
48.9%
Blake Shelton
48.7%
Paul Simon
47.1%
Blake Shelton
45.6%
Blake Shelton
44.5%
Bob Dylan
43.1%
Paul Simon
40.5%
Bob Dylan
35.9%
Justin Timberlake
33.9%

You're not logged in!

Compare scores with friends on all Sporcle quizzes.
OR
Log In

Sporcle TV

Today on Sporcle TV


Watch our educational content, quiz creation guides, and fun videos on Sporcle TV.

Show Comments

Extras

Top Quizzes Today


Score Distribution

Your Account Isn't Verified!

In order to create a playlist on Sporcle, you need to verify the email address you used during registration. Go to your Sporcle Settings to finish the process.

Report this User

Report this user for behavior that violates our Community Guidelines.

Details: